Formule 1 - Vainqueurs du GP de Tuzla, Turquie - Statistiques

Statistiques générales
  • Ce quiz a été pris 38 fois
    28 depuis la dernière actualisation
  • Le résultat moyen est 7 sur 9
Statistiques - réponses
Années Pilotes % Correct
2010 Lewis Hamilton
100%
2020 Lewis Hamilton
100%
2011 Sebastian Vettel
89%
2021 Valterri Bottas
84%
2009 Jenson Button
79%
2006 Felipe Massa
74%
2007 Felipe Massa
74%
2008 Felipe Massa
74%
2005 Kimi Räikkönen
63%
Aucun quiz correspondant
Distribution des résultats
% des personnes avec chaque résultat
Percentile par nombre de réponses
Votre historique - résultats
Vous n’avez pas pris ce quiz depuis la dernière actualisation